| LEADER 00000nam 2200000uu 4500 |
| 001 13399112697 |
| 003 BCNR |
| 008 110623s2551||||th 000 0 tha d |
| 060 04 WA540.JT3^bถ319 2551
|
| 245 00 ถาม-ตอบพระราชบัญญัติสุขภาพจิต พ.ศ. 2551 /^cกรมสุขภาพภาพจิตกระทรวงสาธารณสุข, สำนักงานหลักประกันสุขภาพแห่งชาติ, สถาบันกัลยาณ์ราชนครินทร์ กรมสุขภาพจิต กระทรวงสาธารณสุข
|
| 260 [ม.ป.ท. :^bม.ป.พ.],^c2551
|
| 300 0056 หน้า ;^c21 ซม.
|
| 500 ชุดคุ่มือ พระราชบัญญัติสุขภาพจิต พ.ศ. 2551
|
| 650 7 สุขภาพ
|
| 650 7 พระราชบัญญัติสุขภาพจิต^xคำถามและคำตอบ
|
| 650 7 นโยบายด้านสุขภาพ
|
| 710 2 กรมสุขภาพจิต
|
| 710 2 กรมสุขภาพจิต. ^bสถาบันกัลยาณ์ราชนครินทร์
|
| 710 2 สำนักงานหลักประกันสุขภาพแห่งชาติ
|
| 999 ^aบรรณารักษ์
|